| 000 | 00853nam a2200265 a 4500 | ||
|---|---|---|---|
| 008 | |||
| 020 | _a0946688850 (hardback) | ||
| 040 |
_aNUST _cNUST |
||
| 049 | _aMAIN | ||
| 090 |
_aTJ900 _bFRA |
||
| 100 | 1 |
_aFraenkel, Peter., _aauthor. |
|
| 245 | 1 | 0 |
_aWater-pumping devices : _ba hanbook for users and choosers/ _c Peter Fraenkel. |
| 260 |
_aLondon : _bIntermediate Technology, _c1995. |
||
| 300 |
_aiv, 176 pages : _billustrations ; _c25 cm. |
||
| 336 |
_atext _btxt _2rdacontent |
||
| 337 |
_aunmediated _bn _2rdamedia |
||
| 338 |
_avolume _bnc _2rdacarrier |
||
| 504 | _aIncludes bibliographical references. | ||
| 650 | 1 | _aIrrigation pumps. | |
| 650 |
_aIrrigation pumps _xPower supply. |
||
| 907 |
_a.b10416651 _b30-03-22 _c30-03-22 |
||
| 003 | |||
| 005 | 20230123141237.0 | ||
| 942 |
_cBOOKS _kTJ900 _mFRA |
||
| 999 |
_c170145 _d170145 |
||